000 01826cam a2200361 i 4500
001 24347
003 Mx-PuUPA
005 20260318145307.0
008 140415s2023 mnu fr 001 0 spa d
020 _a9780814668238
_qrústica
040 _aMx-PuUPA
_bspa
_cMx-PuUPA
_dMx-PuUPA
_erda
041 1 _aspa
_heng
100 1 _aGittins, Anthony J.,
_eautor
_917151
240 1 0 _aLiving mission interculturally : faith, culture, and the renewal of praxis.
_lEspañol
245 1 0 _aViviendo interculturalmente la misión :
_bfe, cultura y renovación de la práctica /
_cAnthony J. Gittins ; traducido por Mexican American Catholic College ; prólogo de Gerald A. Arbuckle
264 1 _aCollegeville, Minnesota :
_bLiturgical Press,
_c2023
300 _axxi, 253 páginas :
_c23 cm
336 _2rdacontent
_atexto
_btxt
337 _2rdamedia
_asin medio
_bn
338 _2rdacarrier
_avolumen
_bnc
610 2 7 _aIglesia católica
_xMisiones
650 7 _aComunicación intercultural
_xAspectos religiosos
_xIglesia católica
_2armarc
650 7 _aCristianismo y cultura
_2armarc
700 1 _aArbuckle, Gerald A.,
_eprologuista
710 2 _aMexican American Catholic College,
_etraductor
765 0 _aGittins, Anthony J.
_tLiving Mission Interculturally: Faith, Culture, and the renewal of Praxis.
_dCollegeville, Minnesota : Orden de Saint Benedict, ©2015
942 _2ddc
_cLI
_h266.2
_iG5318
999 _c24347
_d24347